| 000 | 00723nam a22002177a 4500 | ||
|---|---|---|---|
| 005 | 20160719151535.0 | ||
| 008 | 160719b xxu||||| |||| 00| 0 eng d | ||
| 020 |
_a9788186954911 _c495 |
||
| 040 | _beng | ||
| 041 | _aEnglish | ||
| 082 |
_a871 _bCHA |
||
| 245 |
_aPetrarch: _bThe self and the world _cEdited by Supriya Chaudhuri and Sukanta Chaudhuri |
||
| 260 |
_aKolkata _bJadavpur University Press _c2012 |
||
| 300 |
_ax,240p _b24 cm |
||
| 600 |
_aPetrarch _d1304-1374 _vPoetry _xCriticism and interpretation |
||
| 650 |
_aPoetry in Italian _vCriticism and interpretation _xLatin Literature _yRenaissance |
||
| 700 |
_4ed. _aChaudhuri, Supriya |
||
| 700 |
_4ed. _aChaudhuri, Sukanta |
||
| 850 |
_aLCLIB _bPG |
||
| 942 | _cBK | ||
| 999 |
_c40690 _d91169 |
||